Macht Arbeit Frei? (Record no. 63820)
[ view plain ]
| 000 -LEADER | |
|---|---|
| fixed length control field | 01726nam a2200253Ii 4500 |
| 008 - FIXED-LENGTH DATA ELEMENTS--GENERAL INFORMATION | |
| fixed length control field | 221202s xx 000 0 und d |
| 100 1# - MAIN ENTRY--PERSONAL NAME | |
| Personal name | Mędykowski, Witold, |
| Relator term | author |
| 245 #0 - TITLE STATEMENT | |
| Title | Macht Arbeit Frei? |
| 246 ## - VARYING FORM OF TITLE | |
| Title proper/short title | German Economic Policy and Forced Labor of Jews in the General Government, 1939-1943 |
| 264 ## - PRODUCTION, PUBLICATION, DISTRIBUTION, MANUFACTURE, AND COPYRIGHT NOTICE | |
| Name of producer, publisher, distributor, manufacturer | Academic Studies Press |
| Date of production, publication, distribution, manufacture, or copyright notice | 2018 |
| 300 ## - PHYSICAL DESCRIPTION | |
| Extent | 1 online resource |
| 336 ## - CONTENT TYPE | |
| Content type term | text |
| Content type code | txt |
| Source | rdacontent |
| 337 ## - MEDIA TYPE | |
| Media type term | computer |
| Media type code | c |
| Source | rdamedia |
| 338 ## - CARRIER TYPE | |
| Carrier type term | online resource |
| Carrier type code | cr |
| Source | rdacarrier |
| 490 ## - SERIES STATEMENT | |
| Series statement | Jews of Poland |
| 520 ## - SUMMARY, ETC. | |
| Summary, etc. | This book examines the forced labor of Jews in the General Government of Occupied Poland from 1939-1943. Specifically, it traces the bureaucratic understanding and use the terms labor and work in the General Government; it also examines how these terms figured in the lives of Jews, for whom labor''s original understanding as a means of subsistence came to be redefined as a means of survival. The changing meaning of other key terms are examined in detail; these include, among others, forced labor (Zwangsarbeit), slave labor (Sklavenarbeit). The volume carefully analyzes the modus operandi of the Nazi system of power, in which bureaucracy ballooned, there were conflicts of interest between different institutions, and there was a total destruction of human and moral values, which led to extensive degeneration. |
| 653 ## - INDEX TERM--UNCONTROLLED | |
| Uncontrolled term | Economic Exploitation |
| 653 ## - INDEX TERM--UNCONTROLLED | |
| Uncontrolled term | Forced Labor |
| 653 ## - INDEX TERM--UNCONTROLLED | |
| Uncontrolled term | History |
| 653 ## - INDEX TERM--UNCONTROLLED | |
| Uncontrolled term | Slave Labor |
| 653 ## - INDEX TERM--UNCONTROLLED | |
| Uncontrolled term | World War Ii |
| 856 ## - ELECTRONIC LOCATION AND ACCESS | |
| Uniform Resource Identifier | <a href="https://library.oapen.org/bitstream/20.500.12657/28237/1/1001755.pdfhttps://www.academicstudiespress.com/forthcoming/macht-arbeit-freihttp://library.oapen.org/handle/20.500.12657/28237">https://library.oapen.org/bitstream/20.500.12657/28237/1/1001755.pdfhttps://www.academicstudiespress.com/forthcoming/macht-arbeit-freihttp://library.oapen.org/handle/20.500.12657/28237</a> |
| 942 ## - ADDED ENTRY ELEMENTS (KOHA) | |
| Koha item type | E-Book |
| Withdrawn status | Damaged status | Not for loan | Home library | Current library | Date acquired | Total Checkouts | Date last seen | Price effective from | Koha item type |
|---|---|---|---|---|---|---|---|---|---|
| Directory of Open Access Books | Directory of Open Access Books | 11/28/2022 | 11/28/2022 | 11/28/2022 | E-Book |